00704nam a2200241 a 4500001001300000003000900013005001700022008004100039020000800080082001600088100002000104245005000124260004300174300000900217500003500226505001500261650002400276700002000300902000800320942000700328952011200335999001500447nice12345678IN_TiNIC20260116011422.0050524s1967 paka grp 000 0 eng  ac000a922.97bKHA aKhan, Mohd Ayub aFriends Not Mastersb Political Autobiography aPakistanbOxford Uniersity Pressc1967 a275p aincludes index and biblioraphy2 aill, index aMuhammad, Ayub Khan1 aKhan, Mohd Ayub bSRS cBK 001040708StackRoom-aHMIbHMId2005-05-24g0.00l0o922.97 KHAp03766r2005-05-24v0.00w2005-05-24yBK c1352d1352